<?xml version='1.0' encoding='UTF-8'?>
  <record xmlns="http://www.loc.gov/MARC21/slim">
    <leader>00000cam a22000007i 4500</leader>
    <controlfield tag="001">ocn901228097</controlfield>
    <controlfield tag="003">OCoLC</controlfield>
    <controlfield tag="005">20250610065057.2</controlfield>
    <controlfield tag="008">150127s1500    it a          001 0 lat d</controlfield>
    <datafield tag="040" ind1=" " ind2=" ">
      <subfield code="a">NLGGC</subfield>
      <subfield code="b">eng</subfield>
      <subfield code="e">rda</subfield>
      <subfield code="e">dcrmr</subfield>
      <subfield code="c">NLGGC</subfield>
      <subfield code="d">OCLCL</subfield>
      <subfield code="d">QGJ</subfield>
    </datafield>
    <datafield tag="029" ind1="0" ind2=" ">
      <subfield code="a">NLGGC</subfield>
      <subfield code="b">388321180</subfield>
    </datafield>
    <datafield tag="035" ind1=" " ind2=" ">
      <subfield code="a">(OCoLC)901228097</subfield>
    </datafield>
    <datafield tag="100" ind1="1" ind2=" ">
      <subfield code="a">Ubaldi, Baldo degli,</subfield>
      <subfield code="d">1327-1400,</subfield>
      <subfield code="e">author.</subfield>
      <subfield code="4">aut</subfield>
      <subfield code="1">https://id.oclc.org/worldcat/entity/E39PBJpYt4GpJJhJF6HQwRWv73</subfield>
    </datafield>
    <datafield tag="240" ind1="1" ind2="0">
      <subfield code="a">Super usibus feudorum</subfield>
    </datafield>
    <datafield tag="245" ind1="1" ind2="0">
      <subfield code="a">Opus aureum vtriusq[ue] iuris luminis domini baldi de perusia super feudis /</subfield>
      <subfield code="c">cum additionibus doctissimi domini Andree barbacia necnon alioru[m] clarissimorum doctorum.</subfield>
    </datafield>
    <datafield tag="246" ind1="3" ind2=" ">
      <subfield code="a">Opus aureum super feudis</subfield>
    </datafield>
    <datafield tag="246" ind1="1" ind2=" ">
      <subfield code="i">Title according to ISTC:</subfield>
      <subfield code="a">Super usibus feudorum et commentum super pace Constantiae</subfield>
    </datafield>
    <datafield tag="246" ind1="1" ind2=" ">
      <subfield code="i">Title according to BSB-Ink:</subfield>
      <subfield code="a">Lectura super Usibus feudorum ;</subfield>
      <subfield code="b">Commentum super pace Constantiae</subfield>
    </datafield>
    <datafield tag="246" ind1="1" ind2=" ">
      <subfield code="i">Title according to IDL:</subfield>
      <subfield code="a">Super usibus feudorum</subfield>
    </datafield>
    <datafield tag="246" ind1="3" ind2=" ">
      <subfield code="a">Super feudis</subfield>
    </datafield>
    <datafield tag="264" ind1=" " ind2="1">
      <subfield code="a">Impressum Venetijs :</subfield>
      <subfield code="b">per Bernardinum Benalium,</subfield>
      <subfield code="c">Anno d[omi]ni. M.ccccc. die. xx. mensis Martij. [20 March 1500]</subfield>
    </datafield>
    <datafield tag="300" ind1=" " ind2=" ">
      <subfield code="a">XC, [15] leaves :</subfield>
      <subfield code="b">illustration (woodcut) ;</subfield>
      <subfield code="c">44 cm (folio)</subfield>
    </datafield>
    <datafield tag="336" ind1=" " ind2=" ">
      <subfield code="a">text</subfield>
      <subfield code="b">txt</subfield>
      <subfield code="2">rdacontent</subfield>
    </datafield>
    <datafield tag="337" ind1=" " ind2=" ">
      <subfield code="a">unmediated</subfield>
      <subfield code="b">n</subfield>
      <subfield code="2">rdamedia</subfield>
    </datafield>
    <datafield tag="338" ind1=" " ind2=" ">
      <subfield code="a">volume</subfield>
      <subfield code="b">nc</subfield>
      <subfield code="2">rdacarrier</subfield>
    </datafield>
    <datafield tag="340" ind1=" " ind2=" ">
      <subfield code="m">folio</subfield>
      <subfield code="2">rdabf</subfield>
    </datafield>
    <datafield tag="340" ind1=" " ind2=" ">
      <subfield code="k">2 columns</subfield>
    </datafield>
    <datafield tag="500" ind1=" " ind2=" ">
      <subfield code="a">Title and statement of responsibility from title page (leaf I recto).</subfield>
    </datafield>
    <datafield tag="500" ind1=" " ind2=" ">
      <subfield code="a">Publication statement from colophons.</subfield>
    </datafield>
    <datafield tag="500" ind1=" " ind2=" ">
      <subfield code="a">Colophon main work leaf XC (verso): Impressum hoc preclarum opus Baldi de Perusia sup[er] feudis cum additionibus clarissimorum doctorum: necnon vna cu[m] apostillis excellentissimi ac famosissimi doctoris d[omi]ni Andree barbacia. Impressum Venetijs per Bernardinu[m] Benalium. Anno d[omi]ni. M.ccccc. die. xx. mensis Martij.</subfield>
    </datafield>
    <datafield tag="500" ind1=" " ind2=" ">
      <subfield code="a">Colophon Tabula quaestionum: Seriem in quolibet rerum genere seruandum: plerunq[ue] in ambiguis difficillimisq[ue] rectam inuentionis via[m] nobis sepissime abnegantibus: aberrare non putamus. Cum consummati operis super vsibus feudorum veterem Tabula[m] iam diu impressam plurium creditorum persuasione inutilem ac pene vacuam fore conspexerimus. Noua[m] fere quaru[m]cunq[ue] questionum; dubio[rum]; decisionu[m] in anteacto libello exq[ui]renda[rum] mirifice referta[m]: necnon a p[er]itissimo viro V.I. apice[m] adepto Ambrosio Tersago summo studio; ac laboriosissime disposita[m] iubenti a[n]i[m]o suscipite: quam vnicuiq[ue] lectori no[n] minus gratam: q[uam] vtilem esse nobis persuasimus. Impressum Venetijs per Bernardinum Benalium.</subfield>
    </datafield>
    <datafield tag="500" ind1=" " ind2=" ">
      <subfield code="a">Woodcut printer's device on leaf XC verso, showing Saint Jerome.</subfield>
    </datafield>
    <datafield tag="500" ind1=" " ind2=" ">
      <subfield code="a">Incipit (leaf a2 recto): CCeleberrimi &amp; excellentissimi vtriusq[ue] iuris luminis. d. Bal. de perusio ad illustrissimu[m] Joannem Galeam duce[m] super feudis Restauratum Co[m]mentum vna cu[m] appostillis clarissimi ac doctisimi vtriusq[ue] interpretis domini Andree Barbacij Siculi: nec no[n] aliorum preclarissimo[rum] doctorum.</subfield>
    </datafield>
    <datafield tag="500" ind1=" " ind2=" ">
      <subfield code="a">Incipit Tabula quaestionum (leaf A1 recto): Tabula questionum in hoc opere positarum incipit.</subfield>
    </datafield>
    <datafield tag="500" ind1=" " ind2=" ">
      <subfield code="a">Contains also (leaf LXXIII verso-XC verso): Co[m]mentariolum eiusdem Baldi super pace consta[n]tie.</subfield>
    </datafield>
    <datafield tag="500" ind1=" " ind2=" ">
      <subfield code="a">Text printed in two columns.</subfield>
    </datafield>
    <datafield tag="500" ind1=" " ind2=" ">
      <subfield code="a">Printed marginalia; on other pages main text surrounded by commentary.</subfield>
    </datafield>
    <datafield tag="500" ind1=" " ind2=" ">
      <subfield code="a">Capital spaces with guide letters.</subfield>
    </datafield>
    <datafield tag="500" ind1=" " ind2=" ">
      <subfield code="a">Signatures: a-k⁸ l¹⁰ A–B⁸; a1v, and B8 are blank.</subfield>
    </datafield>
    <datafield tag="510" ind1="4" ind2=" ">
      <subfield code="a">Incunabula short title catalogue,</subfield>
      <subfield code="c">iu00041000</subfield>
      <subfield code="u">https://data.cerl.org/istc/iu00041000</subfield>
    </datafield>
    <datafield tag="510" ind1="4" ind2=" ">
      <subfield code="a">Gesamtkatalog der Wiegendrucke,</subfield>
      <subfield code="c">M48736</subfield>
      <subfield code="u">https://www.gesamtkatalogderwiegendrucke.de/docs/M48736.htm</subfield>
    </datafield>
    <datafield tag="510" ind1="4" ind2=" ">
      <subfield code="a">Incunabula in Dutch libraries,</subfield>
      <subfield code="c">4540</subfield>
    </datafield>
    <datafield tag="510" ind1="4" ind2=" ">
      <subfield code="a">Bayerische Staatsbibliothek Inkunabelkatalog,</subfield>
      <subfield code="c">U-46</subfield>
      <subfield code="u">https://inkunabeln.digitale-sammlungen.de/Ausgabe_U-46.html</subfield>
    </datafield>
    <datafield tag="630" ind1="0" ind2="0">
      <subfield code="a">Peace of Constance</subfield>
      <subfield code="d">(1183)</subfield>
    </datafield>
    <datafield tag="650" ind1=" " ind2="0">
      <subfield code="a">Feudal law</subfield>
      <subfield code="z">Europe.</subfield>
    </datafield>
    <datafield tag="630" ind1="0" ind2="0">
      <subfield code="a">Libri feudorum</subfield>
      <subfield code="x">Interpretation and construction.</subfield>
    </datafield>
    <datafield tag="650" ind1=" " ind2="6">
      <subfield code="a">Droit féodal</subfield>
      <subfield code="z">Europe.</subfield>
    </datafield>
    <datafield tag="630" ind1="0" ind2="7">
      <subfield code="a">Peace of Constance (1183)</subfield>
      <subfield code="2">fast</subfield>
    </datafield>
    <datafield tag="650" ind1=" " ind2="7">
      <subfield code="a">Feudal law</subfield>
      <subfield code="2">fast</subfield>
    </datafield>
    <datafield tag="651" ind1=" " ind2="7">
      <subfield code="a">Europe</subfield>
      <subfield code="2">fast</subfield>
      <subfield code="1">https://id.oclc.org/worldcat/entity/E39PBJxCxPbbk4CPJDQJb4r6rq</subfield>
    </datafield>
    <datafield tag="655" ind1=" " ind2="2">
      <subfield code="a">Incunabula</subfield>
    </datafield>
    <datafield tag="655" ind1=" " ind2="7">
      <subfield code="a">incunabula (books)</subfield>
      <subfield code="2">aat</subfield>
    </datafield>
    <datafield tag="655" ind1=" " ind2="7">
      <subfield code="a">Incunables.</subfield>
      <subfield code="2">rvmgf</subfield>
    </datafield>
    <datafield tag="700" ind1="1" ind2=" ">
      <subfield code="a">Barbazza, Andrea,</subfield>
      <subfield code="d">approximately 1410-1480,</subfield>
      <subfield code="e">writer of added commentary.</subfield>
      <subfield code="4">wac</subfield>
      <subfield code="1">https://id.oclc.org/worldcat/entity/E39PBJgH9d4jmDQMCwGGp67bVC</subfield>
    </datafield>
    <datafield tag="700" ind1="1" ind2="2">
      <subfield code="i">Container of (work):</subfield>
      <subfield code="a">Ubaldi, Angelo degli,</subfield>
      <subfield code="d">1328-approximately 1407.</subfield>
      <subfield code="t">De pace Constantiae.</subfield>
    </datafield>
    <datafield tag="700" ind1="1" ind2=" ">
      <subfield code="a">Tersagus, Ambrosius,</subfield>
      <subfield code="e">contributor.</subfield>
      <subfield code="4">ctb</subfield>
      <subfield code="1">https://id.oclc.org/worldcat/entity/E39PCjGcpFgTwrfCPGr8M68kwy</subfield>
    </datafield>
    <datafield tag="700" ind1="1" ind2="2">
      <subfield code="i">Container of (work):</subfield>
      <subfield code="a">Tersagus, Ambrosius.</subfield>
      <subfield code="t">Tabula quaestionum.</subfield>
    </datafield>
    <datafield tag="700" ind1="0" ind2=" ">
      <subfield code="a">Giangaleazzo Visconti,</subfield>
      <subfield code="c">Duke of Milan,</subfield>
      <subfield code="d">1351-1402,</subfield>
      <subfield code="e">dedicatee.</subfield>
      <subfield code="4">dte</subfield>
      <subfield code="1">https://id.oclc.org/worldcat/entity/E39PBJxhpPfw8WpqXq7VpYFqcP</subfield>
    </datafield>
    <datafield tag="700" ind1="1" ind2=" ">
      <subfield code="a">Benalius, Bernardinus,</subfield>
      <subfield code="d">active 1483-1543,</subfield>
      <subfield code="e">printer.</subfield>
      <subfield code="4">prt</subfield>
      <subfield code="1">https://id.oclc.org/worldcat/entity/E39PBJpYrwFkFcGy8YVpbxH6Kd</subfield>
    </datafield>
    <datafield tag="752" ind1=" " ind2=" ">
      <subfield code="a">Italy</subfield>
      <subfield code="e">Venice,</subfield>
      <subfield code="e">publication place.</subfield>
      <subfield code="4">pup</subfield>
    </datafield>
    <datafield tag="740" ind1="0" ind2=" ">
      <subfield code="a">Co[m]mentariolum super pace consta[n]tie.</subfield>
    </datafield>
    <datafield tag="758" ind1=" " ind2=" ">
      <subfield code="a">Super usibus foedorum (Text)</subfield>
      <subfield code="1">https://id.oclc.org/worldcat/entity/E39PCYjjf4FQ4hBBMqdvDVGMWC</subfield>
      <subfield code="4">https://id.oclc.org/worldcat/ontology/hasWork</subfield>
    </datafield>
  </record>